| 000 | 00826cam a22002773a 4500 | ||
|---|---|---|---|
| 001 | 7345 | ||
| 003 | PGUSA | ||
| 005 | 20140828083143.0 | ||
| 008 | 050101s2005||||xxu|||||s|||||000 | eng d | ||
| 040 |
_aPGUSA _beng |
||
| 042 | _adc | ||
| 050 | 4 | _aQH | |
| 050 | 4 | _aF850.5 | |
| 100 | 1 |
_aMuir, John, _d1838-1914 |
|
| 245 | 1 | 0 |
_aTravels in Alaska _h[electronic resource] / _cJohn Muir |
| 260 |
_bProject Gutenberg, _c2005 |
||
| 506 | _aPublic domain in the USA. | ||
| 516 | _aElectronic text | ||
| 653 | _aNaturalists -- United States -- Biography | ||
| 653 | _aAlaska -- Description and travel | ||
| 653 | _aMuir, John, 1838-1914 -- Travel -- Alaska | ||
| 653 | _aConservationists -- United States -- Biography | ||
| 830 | 0 |
_aProject Gutenberg _v7345 |
|
| 856 | 4 | 0 | _uhttp://www.gutenberg.org/ebooks/7345 |
| 942 | _cEB | ||
| 999 |
_c236665 _d236665 |
||